ARRUPE JESUIT UNIVERSITY

CORONAVIRUS -STOP THE SPREAD - CLEAN,DISINFECT,COVER

Grandmama of Europe; (Record no. 130317)

MARC details
000 -LEADER
fixed length control field 01083cam a2200325 4500
001 - CONTROL NUMBER
control field 3629250
003 - CONTROL NUMBER IDENTIFIER
control field ARRUPE
005 - DATE AND TIME OF LATEST TRANSACTION
control field 20200206100901.0
008 - FIXED-LENGTH DATA ELEMENTS--GENERAL INFORMATION
fixed length control field 741009s1973 enkacfj b 001 0ceng
010 ## - LIBRARY OF CONGRESS CONTROL NUMBER
LC control number 74183280
015 ## - NATIONAL BIBLIOGRAPHY NUMBER
National bibliography number GB74-02637
020 ## - INTERNATIONAL STANDARD BOOK NUMBER
International Standard Book Number 0304290637
040 ## - CATALOGING SOURCE
Original cataloging agency DLC
Transcribing agency DLC
Modifying agency DLC
043 ## - GEOGRAPHIC AREA CODE
Geographic area code e------
050 00 - LIBRARY OF CONGRESS CALL NUMBER
Classification number D352.3
Item number .A76 1973
082 00 - DEWEY DECIMAL CLASSIFICATION NUMBER
Classification number 929.7/09/4
300 ## - PHYSICAL DESCRIPTION
Other physical details illus., geneal. table, ports.
Dimensions 23 cm.
100 1# - MAIN ENTRY--PERSONAL NAME
Personal name Aronson, Theo.
9 (RLIN) 49109
245 10 - TITLE STATEMENT
Title Grandmama of Europe;
Remainder of title the crowned descendants of Queen Victoria.
Statement of responsibility, etc Theo Aronson
260 ## - PUBLICATION, DISTRIBUTION, ETC. (IMPRINT)
Place of publication, distribution, etc London,
Name of publisher, distributor, etc Cassell,
Date of publication, distribution, etc 1973.
300 ## - PHYSICAL DESCRIPTION
Extent xii, 353 p., fold. leaf, [12] p. of plates.
350 ## - PRICE (NR) (BK AM CF MU VM SE) [OBSOLETE]
Price £4.00
500 ## - GENERAL NOTE
General note Includes index.
504 ## - BIBLIOGRAPHY, ETC. NOTE
Bibliography, etc Bibliography: p. 337-344.
600 00 - SUBJECT ADDED ENTRY--PERSONAL NAME
Personal name Edward
Numeration VII,
Titles and other words associated with a name King of Great Britain,
Dates associated with a name 1841-1910.
9 (RLIN) 49370
600 00 - SUBJECT ADDED ENTRY--PERSONAL NAME
Personal name Victoria,
Titles and other words associated with a name Queen of Great Britain,
Dates associated with a name 1819-1901
General subdivision Family.
9 (RLIN) 49112
650 #0 - SUBJECT ADDED ENTRY--TOPICAL TERM
Topical term or geographic name as entry element Queens
General subdivision Biography.
9 (RLIN) 49410
650 #0 - SUBJECT ADDED ENTRY--TOPICAL TERM
Topical term or geographic name as entry element Queens
Geographic subdivision Great Britain
General subdivision Biography.
9 (RLIN) 6214
906 ## - LOCAL DATA ELEMENT F, LDF (RLIN)
a 7
b cbc
c orignew
d 3
e ncip
f 19
g y-gencatlg
942 ## - ADDED ENTRY ELEMENTS (KOHA)
Source of classification or shelving scheme Library of Congress Classification
Koha item type Monograph ( Printed materials)
Holdings
Withdrawn status Lost status Source of classification or shelving scheme Damaged status Not for loan Collection code Home library Current library Shelving location Date acquired Total Checkouts Full call number Barcode Date last seen Price effective from Koha item type
    Library of Congress Classification     Main Collection ARRUPE LIBRARY ARRUPE LIBRARY Main Collection 06/02/2020   D352.3 .A76 1973 46600006528 06/02/2020 06/02/2020 Monograph ( Printed materials)

 

Arrupe Library. PO Box MP320 Mt Pleasant, Harare, Zimbabwe
263 242 745411|librarian@aju.ac.zw